000 00493nam a2200193Ia 4500
008 101110s9999 xx 000 0 und d
041 _aENGLISH
082 _bSR3007
100 _aStamp L. Dudley
245 _aIndia, Pakistan Ceylon and Burmadesh
365 _b15.62
520 _aGeography
546 _aENGLISH
630 _aIndia, Pakistan Ceylon and Burmadesh
650 _aGeography
655 _aGeography
730 _aIndia, Pakistan Ceylon and Burmadesh
942 _cBOOK
999 _c799686
_d799683